| 000 | 01776nam0a2200361 4500 | ||
|---|---|---|---|
| 001 | RU\NLR\BIBL_A\022620527 | ||
| 005 | 20260119143918.0 | ||
| 010 |
_a978-5-6053984-1-7 _9100 |
||
| 021 |
_aRU _bКН-П-25-043114 _9КН-П-25-4196 |
||
| 035 | _a(NLR Aleph) 022620527 | ||
| 090 |
_a13506449 _c13506449 |
||
| 100 | _a20250912d2025 u y0rusy50 ca | ||
| 101 | 0 |
_arus _deng |
|
| 102 | _aRU | ||
| 105 | _aa j 000yy | ||
| 181 | 0 |
_ai3 _baxxe |
|
| 182 | 0 | _an | |
| 200 | 1 |
_aМетодические рекомендации по содержанию и разведению обыкновенного хомяка (Cricetus cricetus) в условиях неволи _fЕ. В. Кузнецова, В. А. Кузнецов |
|
| 203 |
_aТекст _bвизуальный _cнепосредственный |
||
| 210 |
_aМосква _cГАУ "Московский зоопарк" _d2025 |
||
| 215 |
_a47 с. _cцв. ил., табл. _d21 |
||
| 300 | _aРез. на англ. яз. | ||
| 320 | _aБиблиогр.: с. 39-45 | ||
| 606 | 1 |
_aХомяки _xСодержание в неволе _jМетодические пособия _2nlr_sh1 _2nlr_sh2 _3RU\NLR\AUTH\661297093 |
|
| 606 | 1 |
_aХомяки _xБолезни _jМетодические пособия _2nlr_sh1 _2nlr_sh2 _3RU\NLR\AUTH\66826385 |
|
| 686 | 1 | _aП679я8 | |
| 686 | 1 | _aП871.5я8 | |
| 700 | 1 |
_aКузнецова _bЕ. В. _cканд. биол. наук _f1985- _gЕкатерина Владимировна _3RU\NLR\AUTH\770288042 |
|
| 701 | 1 |
_aКузнецов _bВ. А. _cпопуляризатор зоологии, тренер _gВладислав Анзорович _3RU\NLR\AUTH\770288052 |
|
| 942 | _cBOOK | ||
| 980 | _aNB | ||